American Flag-Country Matching Quiz - Sudden Death - Statistics

General Stats
  • This quiz has been taken 461 times
  • The average score is 9 of 19
Answers on the Grid
Answers color-coded by a green-red scale on the quiz's grid according to % correct below.
Ecuador
Chile
Saint Lucia
Dominican Republic
Venezuela
Panama
Bolivia
Uruguay
Haiti
Antigua and Barbuda
Argentina
Honduras
Guyana
Canada
Nicaragua
Jamaica
Saint Vincent and the Grenadines
Trinidad and Tobago
Bahamas
Colombia
United States
Suriname
Guatemala
Brazil
Grenada
Mexico
Cuba
Belize
Peru
Barbados
El Salvador
Costa Rica
Paraguay
Dominica
Saint Kitts and Nevis
 
Answer Stats
Answer % Correct
Argentina
Argentina
62%
Mexico
Mexico
62%
Brazil
Brazil
61%
Canada
Canada
59%
Jamaica
Jamaica
57%
Peru
Peru
54%
Uruguay
Uruguay
53%
Trinidad and Tobago
Trinidad and Tobago
52%
Colombia
Colombia
49%
Haiti
Haiti
48%
Saint Lucia
Saint Lucia
45%
Bolivia
Bolivia
45%
Guyana
Guyana
44%
Saint Vincent and the Grenadines
Saint Vincent and the Grenadines
44%
Suriname
Suriname
44%
Antigua and Barbuda
Antigua and Barbuda
42%
Guatemala
Guatemala
42%
Honduras
Honduras
40%
Saint Kitts and Nevis
Saint Kitts and Nevis
39%
No matching quizzes found
Score Distribution
Percent of People with Each Score
Percentile by Number Answered
Your Score History
You have not taken this quiz